<?xml version="1.0" encoding="UTF-8"?>
<record
    xmlns:xsi="http://www.w3.org/2001/XMLSchema-instance"
    xsi:schemaLocation="http://www.loc.gov/MARC21/slim http://www.loc.gov/standards/marcxml/schema/MARC21slim.xsd"
    xmlns="http://www.loc.gov/MARC21/slim">

  <leader>00445nam a22001697a 4500</leader>
  <controlfield tag="003">NUST</controlfield>
  <controlfield tag="005">20211028160410.0</controlfield>
  <datafield tag="020" ind1=" " ind2=" ">
    <subfield code="a">9789381269411</subfield>
  </datafield>
  <datafield tag="038" ind1=" " ind2=" ">
    <subfield code="a">Khadija</subfield>
  </datafield>
  <datafield tag="082" ind1=" " ind2=" ">
    <subfield code="a">621.4021</subfield>
    <subfield code="b">BAL</subfield>
  </datafield>
  <datafield tag="100" ind1=" " ind2=" ">
    <subfield code="a">Balmer, T. Robert</subfield>
    <subfield code="9">81374</subfield>
  </datafield>
  <datafield tag="245" ind1=" " ind2=" ">
    <subfield code="a">Thermodynamic Tables to Accompany Modern Engineering Thermodynamics\</subfield>
    <subfield code="c">Robert T. Balmer</subfield>
  </datafield>
  <datafield tag="260" ind1=" " ind2=" ">
    <subfield code="a">Boston</subfield>
    <subfield code="b">Elsevier</subfield>
    <subfield code="c">2011</subfield>
  </datafield>
  <datafield tag="300" ind1=" " ind2=" ">
    <subfield code="a">vi;69p.'</subfield>
  </datafield>
  <datafield tag="563" ind1=" " ind2=" ">
    <subfield code="a">paperback</subfield>
  </datafield>
  <datafield tag="942" ind1=" " ind2=" ">
    <subfield code="2">ddc</subfield>
    <subfield code="c">BK</subfield>
  </datafield>
  <datafield tag="999" ind1=" " ind2=" ">
    <subfield code="c">586132</subfield>
    <subfield code="d">586132</subfield>
  </datafield>
  <datafield tag="952" ind1=" " ind2=" ">
    <subfield code="0">0</subfield>
    <subfield code="1">0</subfield>
    <subfield code="2">ddc</subfield>
    <subfield code="4">0</subfield>
    <subfield code="7">0</subfield>
    <subfield code="a">SMME</subfield>
    <subfield code="b">SMME</subfield>
    <subfield code="c">GEN</subfield>
    <subfield code="d">2021-08-10</subfield>
    <subfield code="o">621.4021 BAL</subfield>
    <subfield code="p">SMME-2433</subfield>
    <subfield code="r">2021-08-10</subfield>
    <subfield code="w">2021-08-10</subfield>
    <subfield code="y">BK</subfield>
  </datafield>
</record>
